000 01634nam0a2200361 4500
001 RU\NLR\BIBL_A\010734629
005 20260406085454.0
021 _aRU
_b2015-16310
_9983
035 _a(NILC)RuMoRGB-007885627
035 _a(NLR Aleph) 010734629
090 _a9877161
_c9877161
100 _a20150420d2014 |||y0rusy50 ca
101 0 _arus
_deng
102 _aRU
105 _ay|||z|||000yy
200 1 _aКогерентные гидродинамические структуры и вихревая динамика
_fН.Н. Фимин, В.М. Чечеткин
210 _aМосква
_cИПМ РАН
_d2014
215 _a35 с.
_d21
225 1 _aПрепринт
_fИн-т прикл. математики им. М.В. Келдыша Рос. акад. наук
_v№ 1 за 2015 г.
_x2071-2898
225 1 _aПрепринты ИПМ им. М.В. Келдыша
_dKeldysh Instinute preprints
_zeng
300 _aРез. на англ. яз.
320 _aБиблиогр.: с. 29-35 (108 назв.)
606 1 _aВихревая гидродинамика
_91276938
_3RU\NLR\AUTH\66208359
610 0 _aкогерентные гидродинамические структуры
686 1 _aВ253.315
700 1 _7ca
_8rus
_aФимин
_bН. Н.
_gНиколай Николаевич
_3RU\NLR\AUTH\770280076
_92652043
701 1 _7ca
_8rus
_aЧечёткин
_bВ. М.
_f1941-
_gВалерий Михайлович
_3RU\NLR\AUTH\770280066
_92652033
801 0 _aRU
_bРГБ
_c20150312
_gRCR
942 _cBOOK
980 _aNBR
980 _aNB